Detalles MARC
| 000 -CABECERA |
| campo de control de longitud fija |
03628nam a22002777a 4500 |
| 003 - IDENTIFICADOR DEL NÚMERO DE CONTROL |
| campo de control |
DO-SdBJH |
| 005 - FECHA Y HORA DE LA ÚLTIMA TRANSACCIÓN |
| campo de control |
20260331213311.0 |
| 008 - DATOS DE LONGITUD FIJA--INFORMACIÓN GENERAL |
| campo de control de longitud fija |
260325b2025 |||a|||| |||| 00| 0 spa d |
| 040 ## - FUENTE DE LA CATALOGACIÓN |
| Centro catalogador/agencia de origen |
DO-SdBJH |
| Lengua de catalogación |
spa |
| Centro/agencia transcriptor |
DO-SdBJH |
| 041 0# - CÓDIGO DE LENGUA |
| Código de lengua del texto/banda sonora o título independiente |
spa |
| 090 ## - LOCALMENTE ASIGNADO TIPO-LC NÚMERO DE CLASIFICACIÓN (OCLC); NÚMERO DE CLASIFICACIÓN LOCAL (RLIN) |
| Número de clasificación (OCLC) (R) ; Numero de clasificación, CALL (RLIN) (NR) |
CT MA-SDN 0022 |
| Número cutter local (OCLC) ; Número de libro/Signatura topográfica íntegra, CALL (RLIN) |
EGAEE 2025 |
| 100 1# - ENTRADA PRINCIPAL--NOMBRE DE PERSONA |
| Nombre de persona |
Gutiérrez Figuereo, Katherine Johanna |
| Término indicativo de función/relación |
sustentante |
| 245 10 - MENCIÓN DE TÍTULO |
| Título |
Impacto de la transparencia en una política de seguridad y defensa en República Dominicana : |
| Resto del título |
período 2022 -2023 / |
| Mención de responsabilidad, etc. |
Katherine Johanna Gutiérrez Figuereo, Frank Alberto Hirujo Reyes ; asesor de contenido Alicia Fernández ; asesor metodológico Juan Miguel Pérez Richiez. |
| 260 ## - PUBLICACIÓN, DISTRIBUCIÓN, ETC. |
| Lugar de publicación, distribución, etc. |
Santo Domingo, República Dominicana : |
| Nombre del editor, distribuidor, etc. |
UNADE, |
| Fecha de publicación, distribución, etc. |
2025. |
| 300 ## - DESCRIPCIÓN FÍSICA |
| Extensión |
xx, 131, [10] páginas : |
| Otras características físicas |
ilustraciones. |
| 502 ## - NOTA DE TESIS |
| Nota de tesis |
Tesis y trabajos de grado (Maestría en Seguridad y Defensa Nacional)--Universidad Nacional para la Defensa "General Juan Pablo Duarte y Díez", Escuela de Graduados de Altos Estudios Estratégicos, Santo Domingo, 2025. |
| 504 ## - NOTA DE BIBLIOGRAFÍA, ETC. |
| Nota de bibliografía, etc. |
Incluye referencias bibliográficas, apéndices y anexos. |
| 505 ## - NOTA DE CONTENIDO CON FORMATO |
| Nota de contenido con formato |
Políticas de seguridad y defensa eficaz, desarrollada en República Dominicana -- Rol de las organizaciones Nacionales e internacionales en las políticas de seguridad y defensa desarrolladas en República Dominicana -- Garantía de la transparencia en una política de seguridad y defensa en la República Dominicana. |
| 520 ## - SUMARIO, ETC. |
| Sumario, etc. |
El presente estudio analiza el impacto de la transparencia en una política de seguridad y defensa en la República Dominicana durante el período 2022-2023, para determinar cómo la publicidad de la información, la rendición de cuentas y el acceso ciudadano, inciden en la eficacia de dichas políticas. También, se identifican las principales políticas de seguridad y defensa vigentes; el rol de las organizaciones nacionales e internacionales; y la garantía de la transparencia en este ámbito. La investigación de enfoque mixto, diseño no experimental de tipo transversal, combina análisis documental de marcos legales y políticas públicas, con la aplicación de cuestionarios estructurados a una muestra de 30 ciudadanos y a actores institucionales vinculados al sector, empleando herramientas estadísticas representadas gráficamente. Los resultados evidencian un bajo nivel de conocimiento ciudadano sobre las políticas de seguridad y defensa (67% poco o nada informado), escaso dominio del presupuesto sectorial (73% desconoce), limitada información sobre las inversiones e organismos internacionales (60% no las conoce) y una percepción mayoritaria de baja efectividad de las políticas (57% considera poco o nada efectivas), así como una participación casi nula (83% no participa). Concluye con un andamiaje normativo importante, pero persisten brechas significativas en la comunicación institucional, rendición de cuentas y mecanismos de participación ciudadana. Por consiguiente, se recomienda fortalecer los portales de transparencia, la difusión proactiva de información para el control democrático y la incorporación de la ciudadanía en estas políticas de seguridad y defensa. |
| 650 #7 - PUNTO DE ACCESO ADICIONAL DE MATERIA--TÉRMINO DE MATERIA |
| Fuente del encabezamiento o término |
lemb |
| Término de materia o nombre geográfico como elemento de entrada |
Seguridad nacional |
| Subdivisión de forma |
Tesis y disertaciones. |
| Subdivisión general |
Política de defensa |
| -- |
Transparencia administrativa |
| Subdivisión cronológica |
2022-2023 |
| Subdivisión geográfica |
República Dominicana |
| 650 #7 - PUNTO DE ACCESO ADICIONAL DE MATERIA--TÉRMINO DE MATERIA |
| Fuente del encabezamiento o término |
lemb |
| Término de materia o nombre geográfico como elemento de entrada |
Defensa nacional |
| Subdivisión de forma |
Tesis y disertaciones. |
| Subdivisión general |
Cooperación internacional |
| -- |
Organizaciones internacionales |
| Subdivisión geográfica |
República Dominicana |
| 700 1# - PUNTO DE ACCESO ADICIONAL--NOMBRE DE PERSONA |
| Nombre de persona |
Hirujo Reyes, Frank Alberto |
| Término indicativo de función/relación |
sustentante |
| 700 1# - PUNTO DE ACCESO ADICIONAL--NOMBRE DE PERSONA |
| Nombre de persona |
Fernández, Alicia |
| Término indicativo de función/relación |
asesor de contenido |
| 700 1# - PUNTO DE ACCESO ADICIONAL--NOMBRE DE PERSONA |
| Nombre de persona |
Pérez Richiez, Juan Miguel |
| Término indicativo de función/relación |
asesor metodológico |
| 942 ## - ELEMENTOS DE PUNTO DE ACCESO ADICIONAL (KOHA) |
| Fuente del sistema de clasificación o colocación |
Clasificación Local |
| Tipo de ítem Koha |
Tesis |